Adobe Premiere 6.5: (Record no. 174562)

MARC details
000 -LEADER
fixed length control field 00485nam a22001697a 4500
005 - DATE AND TIME OF LATEST TRANSACTION
control field 20200623120419.0
010 ## - LCCN (DPL NO)
LC control number B-93824
020 ## - INTERNATIONAL STANDARD BOOK NUMBER
International Standard Book Number 9788176356749
Terms of availability 390.00
035 ## - SYSTEM CONTROL NUMBER
System control number B-93824
037 ## - SOURCE OF ACQUISITION
Source of stock number/acquisition Lending
082 ## - DEWEY DECIMAL CLASSIFICATION NUMBER
Classification number 006.6
245 ## - TITLE STATEMENT
Title Adobe Premiere 6.5:
Remainder of title Classroom In a Book /
260 ## - PUBLICATION, DISTRIBUTION, ETC. (IMPRINT)
Place of publication, distribution, etc New Delhi
Name of publisher, distributor, etc Techmedia
Date of publication, distribution, etc 2004
270 ## - ADDRESS
Address Munish Plaza,20,Ansari Road, Darya Ganj
City New Delhi
Postal code 110002
300 ## - PHYSICAL DESCRIPTION
Extent 470p.
Dimensions 24cm(pbk)
942 ## - ADDED ENTRY ELEMENTS (KOHA)
Source of classification or shelving scheme Dewey Decimal Classification
Item type English Books
Classification part 006.6
Call number suffix ADO
Holdings
Withdrawn status Lost status Not for loan Collection code Home library Current library Date acquired Source of acquisition Cost, normal purchase price Full call number Barcode Copy number Cost, replacement price Koha item type
      Non-fiction Central Library Central Library 23/06/2020 Lending 390.00 006.6 ADO B-93824 1 390.00 English Books

© Delhi Public Library
Hit Counter
free hit counter